00539nam a2200157Ia 4500008004100000041001200041082001600053100001500069245004700084260003600131300000800167650001900175942000700194999001300201952016700214221030s9999 xx 000 0 und d aEnglish a105.23bSha aS. Narayan 0aText Book of Vector Algebracby S. Narayan bS. Chand & Co.aNew Delhic1987 a229 aBE Mathematics cBK c359d359 pBE 85g20.00l0o105.23 Shar2024-06-13 00:00:00w2022-10-30yBK003Print4070aMIETLIBbMIETLIBcBL-Academic Block C, FL-2, CUP-6, SH-4, R-4d1998-10-3110HBE